01219nam a2200229 a 4500008004100000020001800041050001800059100001800077245005700095260004100152300003500193350001000228650001200238650002200250650002400272650004200296995017500338995017500513999001700688952014000705952014400845191122s2015 ||||||||||||||||| || u a9781446267912 aRT 81. G7 Bur aBurns, Dianne10aFoundations of adult nursingcEdited by Dianne Burns aLos AngelesbSAGE Publicationsc2015 axxx, 430 pages : illustrations a47.00 aNURSING aNURSING--PRACTICE 7aGREAT BRITAIN2fast aPRACTICAL NURSING--STUDY AND TEACHING aMEDICAL LIBRARY OPEN ACCESSe904405FCBU-SCHOOL OF MEDICINE LIBRARY (Ndola)I47.00jRT 81. G7 BurM2UAVAILABLEWNov 26, 2019y904405ZMain Library Open Access Collection aMEDICAL LIBRARY OPEN ACCESSe904404FCBU-SCHOOL OF MEDICINE LIBRARY (Ndola)I47.00jRT 81. G7 BurM1UAVAILABLEWNov 26, 2019y904404ZMain Library Open Access Collection c63873d63873 00102lcc4070a001b001cMedical Library Open Access Collectiond2023-02-01l0oRT 81. G7 Burp904405r2023-02-01t1w2023-02-01y002 00102lcc4070a001b001cMedical ain Library Open Access Collectiond2023-02-01l0oRT 81. G7 Burp904404r2023-02-01t2w2023-02-01y002